| 000 | 00574nam a22001697a 4500 | ||
|---|---|---|---|
| 005 | 20260228173552.0 | ||
| 010 | _aBACEN26 | ||
| 020 |
_a9781041006718 _c2195.00 |
||
| 037 | _bAtlantic | ||
| 082 | _a305.5 | ||
| 100 |
_aChakrabarty, Bidyut _987906 |
||
| 245 |
_aIndianizing India : _bThinkers Whose Ideas Shaped A Nation/ _cBidyut Chakrabarty |
||
| 260 |
_aNew York _bRoutledge Taylor & Francis Group _c2026 |
||
| 270 |
_a4 Park Square , Milton Park, Abingdon , Ox14 4RN _bNew York _eNY 10158 |
||
| 300 |
_a559 p. _c26cm(pb) |
||
| 942 |
_2ddc _cEN _mCHA _h305.5 |
||
| 999 |
_c215111 _d215111 |
||